| 000 | 00730nam a22001577a 4500 | ||
|---|---|---|---|
| 005 | 20240611060627.0 | ||
| 008 | 240611b |||||||| |||| 00| 0 eng d | ||
| 020 | _a9780670089635 | ||
| 082 |
_222 _a823 _bARU |
||
| 100 | _aRoy, Arundhati | ||
| 245 | _aThe Ministry of utmost happiness | ||
| 260 |
_aIndia _bPenguin Random House India _c2017 |
||
| 300 | _a445 p ., | ||
| 500 | _aThe Ministry of utmost Happiness takes us on a journey of many years - the story spooling outwards from the cramped neighborhoods of old Delhi into the burgeoning new metropolis and beyond, to the valley of Kashmir and the forests of central India, where war is peace and peace is war, and where, from time to time, 'normalcy' is declared. | ||
| 942 | _cL | ||
| 999 |
_c5891 _d5891 |
||